<?xml version="1.0" encoding="UTF-8"?>
<marc:record xmlns:marc="http://www.loc.gov/MARC21/slim">
   <marc:leader>00000nam a2200000 a 4500</marc:leader>
   <marc:datafield ind1=" " ind2=" " tag="653">
      <marc:subfield code="a">Tonies-Hörfigur-Hörbuch</marc:subfield>
   </marc:datafield>
   <marc:datafield ind1="0" ind2="0" tag="245">
      <marc:subfield code="a">Die Maus - Mit der Maus die Welt entdecken</marc:subfield>
   </marc:datafield>
   <marc:datafield ind1="0" ind2="0" tag="245">
      <marc:subfield code="b">Tonies-Hörfigur</marc:subfield>
   </marc:datafield>
   <marc:datafield ind1=" " ind2="1" tag="264">
      <marc:subfield code="a">Düsseldorf</marc:subfield>
      <marc:subfield code="b">WDR Media Group</marc:subfield>
      <marc:subfield code="c">2020</marc:subfield>
   </marc:datafield>
   <marc:datafield ind1="1" ind2=" " tag="490">
      <marc:subfield code="a">Die Maus</marc:subfield>
      <marc:subfield code="v">74</marc:subfield>
   </marc:datafield>
   <marc:datafield ind1="1" ind2=" " tag="520">
      <marc:subfield code="a">Hörspiel mit Liedern&#xD;
ab 3 Jahren&#xD;
&#xD;
Kleine und große Mausabenteuer&#xD;
&#xD;
Sie ist orange, zeitlos, und wenn sie die Welt erkla¨rt, zieht sie alle Kinder in ihren Bann. Die Maus – unverwechselbar, neugierig und ganz scho¨n clever!&#xD;
&#xD;
Zusammen mit dem Elefanten pra¨sentiert die Maus auf diesem Tonie die scho¨nsten und spannendsten Abenteuer-Geschichten und -Lieder von sich und ihren Freunden.&#xD;
&#xD;
Titelliste:&#xD;
&#xD;
01 - Vorspann deutsch &#xD;
&#xD;
02 - Vorspann tigrigna (Eritrea) &#xD;
&#xD;
03 - Mausspot: Wandern im Wald &#xD;
&#xD;
04 - Schmetterling &#xD;
&#xD;
05 - Mausspot: Die Mu¨cke &#xD;
&#xD;
06 - Rutti Berg, die Ba¨uerin,&#xD;
&#xD;
wa¨r so gerne Ko¨nigin &#xD;
&#xD;
07 - Astronautin Erika Klose &#xD;
&#xD;
08 - Mausspot: Sternbilder &#xD;
&#xD;
09 - Ringelgasse &#xD;
&#xD;
10 - Die Teichpiraten &#xD;
&#xD;
11 - Seefahrt, die ist lustig &#xD;
&#xD;
12 - Mausspot: Eine Seefahrt &#xD;
&#xD;
13 - Ka¨pt‘nBlauba¨r: Herrscher der Welt &#xD;
&#xD;
14 - Nachspann</marc:subfield>
   </marc:datafield>
   <marc:datafield ind1="3" ind2=" " tag="024">
      <marc:subfield code="a">4251192106520</marc:subfield>
   </marc:datafield>
   <marc:datafield ind1=" " ind2=" " tag="041">
      <marc:subfield code="a">ger</marc:subfield>
   </marc:datafield>
   <marc:datafield ind1="1" ind2=" " tag="521">
      <marc:subfield code="a">Kind ab 3 Jahren</marc:subfield>
   </marc:datafield>
   <marc:datafield ind1=" " ind2=" " tag="338">
      <marc:subfield code="a">Nicht spezifiziert</marc:subfield>
   </marc:datafield>
   <marc:datafield ind1=" " ind2=" " tag="300">
      <marc:subfield code="a">box mit booklet</marc:subfield>
   </marc:datafield>
</marc:record>
